Finančný prenájom a jeho zmeny od 1. januára 2005
Finančný prenájom (lízing) u nájomcu od 1.1. 2004 sa účtuje podľa opatrenia MF SR č. 23 054/2002-92, ktorým sa ustanovujú podrobnosti o postupoch účtovania a rámcovej účtovej osnove pre podnikateľov účtujúcich v sústave podvojného účtovníctva v znení neskorších predpisov. Ilustračné príklady.
Gespeichert in:
| 1. Verfasser: | |
|---|---|
| Format: | Buchkapitel |
| Sprache: | Slowakisch |
| Schlagworte: | |
| Tags: |
Keine Tags, Fügen Sie das erste Tag hinzu!
|
MARC
| LEADER | 00000naa$a2200000$$$4500 | ||
|---|---|---|---|
| 001 | 0030603 | ||
| 005 | 20231109113512.6 | ||
| 041 | 0 | |a slo | |
| 044 | |a SK | ||
| 245 | 1 | 0 | |a Finančný prenájom a jeho zmeny od 1. januára 2005 |c Ľudmila Lacová |
| 520 | |a Finančný prenájom (lízing) u nájomcu od 1.1. 2004 sa účtuje podľa opatrenia MF SR č. 23 054/2002-92, ktorým sa ustanovujú podrobnosti o postupoch účtovania a rámcovej účtovej osnove pre podnikateľov účtujúcich v sústave podvojného účtovníctva v znení neskorších predpisov. Ilustračné príklady. | ||
| 610 | 2 | 0 | |a lízing |
| 610 | 2 | 0 | |a lízing finančný |
| 610 | 2 | 0 | |a prenájom zmluvný |
| 610 | 2 | 0 | |a účtovanie |
| 610 | 2 | 0 | |a nájomcovia |
| 610 | 2 | 0 | |a nájomné zmluvné |
| 610 | 2 | 0 | |a účtovníctvo podvojné |
| 610 | 2 | 0 | |a prípady účtovné |
| 100 | 1 | |a Lacová, Ľudmila | |